Countries By Redesigned Flags #3 - Statistics

General Stats
  • This quiz has been taken 130 times
  • The average score is 10 of 12
Answer Stats
Picture Answer % Correct
India
100%
San Marino
99%
North Korea
98%
United States
98%
Japan
97%
Iran
95%
Greece
89%
Nauru
78%
Uzbekistan
69%
Myanmar
66%
Libya
56%
Colombia
25%
No matching quizzes found
Score Distribution
Percent of People with Each Score
Percentile by Number Answered
Your Score History
You have not taken this quiz